Powiaty województwa śląskiego – Quiz na mapie - Statystyki

Ogólne statystyki
  • Ten quiz został rozwiązany 2 769 razy
  • Średni wynik to 20 z 36
Odpowiedzi na mapie
Odpowiedzi zakodowano w zielono-czerwonej skali na mapie do tego quizu, zgodnie z poniższymi procentami.
 
Statystyki odpowiedzi
Odpowiedź % Poprawnych
Częstochowa
80%
częstochowski
80%
Katowice
80%
bielski
71%
Bielsko-Biała
71%
gliwicki
66%
żywiecki
66%
Gliwice
65%
rybnicki
62%
cieszyński
60%
Dąbrowa Górnicza
60%
Sosnowiec
60%
Rybnik
58%
Jastrzębie-Zdrój
56%
zawierciański
56%
Jaworzno
55%
lubliniecki
55%
Tychy
55%
raciborski
54%
tarnogórski
54%
kłobucki
53%
Zabrze
53%
Żory
53%
będziński
52%
wodzisławski
52%
Bytom
50%
Mysłowice
50%
myszkowski
50%
pszczyński
50%
Chorzów
48%
mikołowski
47%
bieruńsko-lędziński
46%
Świętochłowice
46%
Piekary Śląskie
44%
Ruda Śląska
43%
Siemianowice Śląskie
41%
Nie znaleziono quizów pasujących do podanych kryteriów
Rozkład punktacji
Procent ludzi z każdym wynikiem
Percentyl według liczby udzielonych odpowiedzi
Twoja historia wyników
Nie rozwiązałeś tego quizu